| 000 | 01742pam a2200361 i 4500 | ||
|---|---|---|---|
| 999 |
_c811 _d811 |
||
| 001 | 018213569 | ||
| 003 | Uk | ||
| 005 | 20191220101038.0 | ||
| 008 | 161201r20172005enk |0|0|1|eng d | ||
| 015 |
_aGBB716639 _2bnb |
||
| 016 | 7 |
_a018213569 _2Uk |
|
| 020 |
_a9780141378664 _qpaperback |
||
| 040 |
_aStDuBDS _beng _cStDuBDS _dUk _erda |
||
| 042 | _aukblsr | ||
| 082 | _aFIC BLA | ||
| 100 | 1 |
_aBlackman, Malorie, _eauthor. |
|
| 245 | 1 | 0 |
_aCheckmate / _cMalorie Blackman. |
| 264 | 1 |
_aLondon : _bPenguin Books, _c2017. |
|
| 264 | 4 | _c©2005 | |
| 300 |
_a502 pages ; _c20 cm. |
||
| 336 |
_atext _2rdacontent |
||
| 337 |
_aunmediated _2rdamedia |
||
| 338 |
_avolume _2rdacarrier |
||
| 490 | 0 | _aThe noughts & crosses series | |
| 500 | _aOriginally published: London: Doubleday, 2005. | ||
| 500 |
_aFormerly CIP. _5Uk |
||
| 520 | _aCan the future ever erase the past? Rose has a Cross mother and a nought father in a society where the pale-skinned noughts are treated as inferiors and those with dual heritage face a life-long battle against deep-rooted prejudices. Sephy, her mother, has told Rose virtually nothing about her father, but as Rose grows into a young adult, she unexpectedly discovers the truth about her parentage and becomes determined to find out more. But her father's family has a complicated history, one tied up with the fight for equality for the nought population. And as Rose takes her first steps away from Sephy and into this world, she finds herself drawn inexorably into more and more danger. Suddenly it's a game of very high stakes that can only have one winner | ||
| 650 |
_aGangs _vFiction |
||
| 650 |
_aFamilies _vFiction |
||
| 655 | 0 | _aDystopias. | |
| 655 | 0 | _aYoung adult fiction. | |
| 942 |
_2ddc _cFIC |
||